000 00313cam a2200145 4500
020 _a0042970288
041 _aENG
082 0 0 _a297.4
_bNAS
100 1 _aNasr, Seyyed Hossein.
245 1 0 _aSufi essays
260 _aLondon,
_bG. Allen and Unwin
_c[1972]
300 _a184 p.
650 0 _aSufism.
942 _cBK
999 _c22821
_d22821